Αναπτυξιακό φαινόμενο και τρίτος κόσμος : πολιτικές και διεθνές δίκαιο της ανάπτυξης

Αποθηκεύτηκε σε:
Λεπτομέρειες βιβλιογραφικής εγγραφής
Κύριος συγγραφέας: Τσάλτας, Γρηγόρης Ι., 1950-
Μορφή: Βιβλίο
Γλώσσα:Greek
Δημοσίευση: Αθήνα : Παπαζήσης, 2010
Θέματα:
Ετικέτες: Προσθήκη ετικέτας
Δεν υπάρχουν, Καταχωρήστε ετικέτα πρώτοι!

MARC

LEADER 00000cam a2200000 i 4500
001 1/6694
008 100420s2010 gre d
020 |a 978-960-02-2414-6 
035 |l 10107601 
040 |a GR-MY-UA  |b gre  |e aacr 
041 0 |a gre 
082 0 |a 338.911724  |2 (22) 
100 1 |a Τσάλτας, Γρηγόρης Ι.,   |d 1950- 
245 1 0 |a Αναπτυξιακό φαινόμενο και τρίτος κόσμος :  |b πολιτικές και διεθνές δίκαιο της ανάπτυξης /  |c Γρηγόρης Ι. Τσάλτας 
260 |a Αθήνα :   |b Παπαζήσης,   |c 2010 
300 |a 487 σ.;  |c 20 εκ. 
500 |a Νέα επικαιροποιημένη έκδοση 
650 0 0 |a Economic development  |z Developing countries. 
650 0 0 |a Economic assistance  |z Developing countries. 
852 |a INST  |b LESVOS  |e 20111209  |h 338.911724 ΤΣΑ  |p 005100050889  |q 005100050889  |t BK  |y 0 
852 |a INST  |b RHODES  |e 20100420  |h 338.911724 ΤΣΑ  |p 005400032732  |q 005400032732  |t BK  |y 0 
901 |a BIBL4-2010-1 
901 |a BIBL1-2010-3 
909 |a Ρ  |b 159951 
909 |a Λ  |b 173236 
920 |a Εύδοξος  |y Λέσβος  |z 2011-12 
970 |a Κόζα  |b Μαρία  |z 2010/04/20